| 000 | 00463nam a2200205Ia 4500 | ||
|---|---|---|---|
| 003 | 0100 | ||
| 008 | 130307s9999 xx 000 0 und d | ||
| 040 | _cARRUPELIB | ||
| 050 | _aB1868.R43B4 1952 | ||
| 245 | 4 | _aThe method of Descartes | |
| 245 | _ba study of the regulae | ||
| 260 | _aOxford | ||
| 260 | _bClaredon press | ||
| 260 | _c1952 | ||
| 300 | _a315p. | ||
| 300 | _b22cm | ||
| 650 | _aPHILOSOPHY | ||
| 650 | _bTalmud-Introductions | ||
| 942 | 0 | 0 | _01 |
| 999 |
_c94066 _d94066 |
||